000
00384nam a22001577a 4500
003
MPLRDC
005
20220104123907.0
008
210129b ||||| |||| 00| 0 eng d
082
_a
494.73 HBS
100
_a
黄柏松编著
245
_a
公司危机突破法
_c
260
_a
_b
新风公司
_c
300
_b
平
650
_a
经营分析; 经营管理
942
_c
BK
_o
494.73 HBS
999
_c
15025
_d
15015